Countries Russia and the Soviets Invaded, Occupied or Fought - Statistics

General Stats
  • This quiz has been taken 1,539 times
    535 since last reset
  • The average score is 40 of 51
Answer Stats
Answer % Correct
United Kingdom
96%
China
95%
Germany
95%
Afghanistan
94%
Finland
94%
Poland
93%
Estonia
90%
Japan
90%
Latvia
90%
Romania
90%
Ukraine
90%
Lithuania
89%
Turkey
89%
Kazakhstan
88%
Armenia
87%
France
87%
United States
87%
Azerbaijan
86%
Georgia
85%
Mongolia
85%
South Korea
85%
Bulgaria
84%
Iran
84%
Norway
84%
Sweden
84%
Czechia
83%
Hungary
83%
Slovakia
83%
Uzbekistan
83%
Tajikistan
82%
Turkmenistan
82%
Belarus
81%
Kyrgyzstan
81%
North Korea
81%
Austria
80%
Italy
80%
Greece
77%
Moldova
77%
Albania
73%
Denmark
73%
Slovenia
70%
Spain
69%
Croatia
68%
Vietnam
65%
Bosnia and Herzegovina
62%
Syria
62%
Netherlands
61%
Israel
47%
Angola
30%
Somalia
22%
Eritrea
14%
No matching quizzes found
Score Distribution
Percent of People with Each Score
Percentile by Number Answered
Your Score History
You have not taken this quiz since the last reset